Skład finału MŚ 2018 - Statystyki

Ogólne statystyki
  • Ten quiz został rozwiązany 141 razy
  • Średni wynik to 12 z 27
Statystyki odpowiedzi
Drużyna Zawodnicy % Poprawnych
Francja Hugo Lloris
89%
Kylian Mbappe
86%
Paul Pogba
83%
Luka Modric
80%
Antoine Griezmann
74%
Raphael Varane
73%
Benjamin Pavard
70%
Olivier Giroud
69%
N'Golo Kante
68%
Ivan Rakitic
61%
Samuel Umtiti
61%
Lucas Hernandez
58%
Ivan Perisic
56%
Mario Mandzukic
54%
Domagoj Vida
42%
Dejan Lovren
37%
Chorwacja Danijel Subasic
31%
Ante Rebic
28%
Marcelo Brozovic
25%
Sime Vrsaljko
22%
Zmiennicy Andrej Kramaric
15%
Zmiennicy Corentin Tolisso
13%
Ivan Strinic
12%
Nabil Fekir
9%
Steven N'Zonzi
8%
Blasie Matuidi
4%
Marko Pjaca
2%
Nie znaleziono quizów pasujących do podanych kryteriów
Rozkład punktacji
Procent ludzi z każdym wynikiem
Percentyl według liczby udzielonych odpowiedzi
Twoja historia wyników
Nie rozwiązałeś tego quizu